| 000 | 00509nam a2200145Ia 4500 | ||
|---|---|---|---|
| 008 | 190228s9999 xx 000 0 und d | ||
| 020 | _a9781119286950 | ||
| 100 | _aCharan, Ram. | ||
| 245 |
_cRam Charan, Geri Willigan, Deb Giffen.-- _aThe High potential leader : _bhow to grow fast, take on new responsibilities, and make an impact / |
||
| 260 |
_aNew Jersey : _bJohn Willey & Sons _c2017 |
||
| 300 | _ax, 227 pages. | ||
| 500 | _aIncludes indexes. | ||
| 650 | _aEmployee motivation. | ||
| 650 | _aLeadership. | ||
| 999 |
_c361329 _d361329 |
||